Normal view
MARC view
- Solar energy
Entry Topical Term
001 - CONTROL NUMBER
- control field: 82340
003 - CONTROL NUMBER IDENTIFIER
- control field: NUST
005 - DATE AND TIME OF LATEST TRANSACTION
- control field: 20210909120400.0
008 - FIXED-LENGTH DATA ELEMENTS
- fixed length control field: 210909|| aca||aabn | a|a d
040 ## - CATALOGING SOURCE
- Original cataloging agency: NUST
- Transcribing agency: NUST
150 ## - HEADING--TOPICAL TERM
- Topical term or geographic name entry element: Solar energy
- General subdivision: Social aspects
670 ## - SOURCE DATA FOUND
- Source citation: Work cat.: (NUST)32619: Bradford, Travis. 82337, Solar revolution :, c2006.
